00738nam a2200193 a 450000100100000000500170001000800410002702000150006804000250008310000200010824500910012826000270021930000360024649000460028250400320032850400730036071000650043383000460049800004173820201002035728.0131016s1993 sp 001 0 spa d a8400043342 aDO-SdBNPbspacBNPHU1 aFranchini, Enzo13aEl munuscrito :bla lengua y el ser literario de la razón de amor /cEnzo Franchini. aMadrid :bCSIC,c1993. a415 p. :bil., retrs. ;c25 cm.1 aBiblioteca de filología hispánicav11 aBibliografía : p. 411-415 aIncluye referencias bibliográficas y notas al pie de las páginas2 aConsejo Superior de Investigaciones Científicas (España) 0aBiblioteca de filología hispánicav11